1759 1091 1155 1024 1285 1439 1936 1319 1010 1752 1674 1454 1315 1754 1014 1999 1314 1374 1596 1015 1887 1524 1712 1341 1923 1322 1586 1462 1415 1505 1250 1202 1594 1034 1975 1070 1505 1684 1437 1939 1118 1956 1036 1605 1633 1882 1614 1449 1661 1397 1533 1496 1062 1255 1204 1859 1455 1026 1233 1944 1740 1750 1909 1562 1682 1204 1427 1253 1880 1989 1702 1406 1663 1648 1062 1762 1416 1156 1710 1894 1677 1606 1798 1593 1367 1762 1430 1226 1600 1988 1464 1465 1260 1204 1339 1360 1196 1120 1826 BCNSPRNW ULIB Ver.6.0+V

เปลี่ยนเป็นภาษาไทย

Change to English
 แสดงรายละเอียดบรรณานุกรม
  กลับหน้าหลัก

Brief Record : Get Marc (ISO 2709) : E-mail record : QR code < ปิดหน้าต่าง
LEADER : 00000nam 2200000uu 4500
001    13399127043
003     ULIB
008    020711s2561 th a 000 0 tha d
020    ^a9786162279867
060    ^aWS103^bต-ล
100    ^aตุ๊บปอง
245    ^aลูกลิงขอโทษ ชุดลูกลิงเรียนรู้
250    ^aพิมพ์ครั้งที่ 1
260    ^aกรุงเทพฯ :^bบริษัท แปลน ฟอร์ คิดส์ จำกัด,^c2561
300    ^a15 หน้า;^b21 ซม.
650    ^aเด็ก^xการเรียนการสอน
945    ^p115^l0^i006231
999    ^aประนอม เกษจรัล
รายการนี้ยังไม่มีแท็ก
คุณยังไม่ได้ล็อกอิน คุณสามารถมีกิจกรรมร่วมกับเว็บไซต์ได้ แต่ต้องล็อกอินก่อน ::
  ล็อกอิน

รายการสื่อสารสนเทศ

ลำดับที่ ประเภท เลขเรียก/บาร์โค้ด สถานที่ สถานะ
1. วิทยาศาสตร์การแพทย์ และสุขภาพ
วิทยาศาสตร์การแพทย์ และสุขภาพ
WS103 ต-ล ฉ.1 
  Barcode: 006231
ห้องสมุดวิทยาเขตสวรรค์ประชารักษ์
►หนังสือทั่วไป
บนชั้น

รายการใกล้เคียง
    ผู้แต่ง [ตุ๊บปอง]

BibComment


ยังไม่เคยถูกคอมเมนท์

คอมเมนท์ทรัพยากรรายการนี้
  คอมเมนท์: ลูกลิงขอโทษ ชุดล..


 Copyright 2026. Bcnsprnw @Library